Statistics for Chocolate kinds

Click here to take the quiz!

General Stats

  • This quiz has been taken 30 times
  • The average score is 4 of 7

Answer Stats

Answer% Correct
Snicker
100%
Kitkat
89%
Mars
75%
Smarties
50%
Toffee
36%
Fudge
14%
Malteser
11%

Score Distribution

Percentile by Number Answered

Percent of People with Each Score

Your Score History

You have not taken this quiz